LEADER 01799oam 2200457 a 450 001 9910697822403321 005 20160516142115.0 035 $a(CKB)5470000002392762 035 $a(OCoLC)288496762 035 $a(EXLCZ)995470000002392762 100 $a20081217d2007 ua 0 101 0 $aeng 135 $aurbn||||||||| 181 $ctxt$2rdacontent 182 $cc$2rdamedia 183 $acr$2rdacarrier 200 10$aClimate change$b[electronic resource] $einternational issues, engaging developing countries : hearing before the Subcommittee on Energy and Air Quality of the Committee on Energy and Commerce, House of Representatives, One Hundred Tenth Congress, first session, March 27, 2007 210 1$aWashington :$cU.S. G.P.O.,$d2008. 215 $av, 141 pages $cdigital, PDF file 300 $aTitle from title screen (viewed on Dec. 17, 2008). 300 $aPaper version available for sale by the Supt. of Docs., U.S. G.P.O. 300 $a"Serial no. 110-26." 320 $aIncludes bibliographical references. 517 $aClimate change 606 $aClimatic changes$xGovernment policy$zUnited States 606 $aGlobal warming$xGovernment policy$zUnited States 606 $aEmissions trading$zDeveloping countries 606 $aGreenhouse gas mitigation$zDeveloping countries 606 $aGreenhouse gas mitigation$xInternational cooperation 615 0$aClimatic changes$xGovernment policy 615 0$aGlobal warming$xGovernment policy 615 0$aEmissions trading 615 0$aGreenhouse gas mitigation 615 0$aGreenhouse gas mitigation$xInternational cooperation. 801 0$bGPO 801 1$bGPO 801 2$bGPO 906 $aBOOK 912 $a9910697822403321 996 $aClimate change$9250420 997 $aUNINA LEADER 01732oam 2200421Ia 450 001 9910698302803321 005 20080718090752.0 035 $a(CKB)4330000001271980 035 $a(OCoLC)227153346 035 $a(EXLCZ)994330000001271980 100 $a20080507d2008 ua 0 101 0 $aeng 135 $aurmn||||||||| 181 $ctxt$2rdacontent 182 $cc$2rdamedia 183 $acr$2rdacarrier 200 10$aEffects of the H-3 highway stormwater runoff on the water quality of Halawa Stream, Oahu, Hawaii, November 1998 to August 2004$b[electronic resource] /$fby Reuben H. Wolff and Michael F. Wong ; prepared in cooperation with the State of Hawaii Department of Transportation 205 $a[Version 1.0] 210 1$aReston, Va. :$cU.S. Dept. of the Interior, U.S. Geological Survey,$d2008. 215 $avii, 78 pages $cdigital, PDF file 225 1 $aScientific investigations report ;$v2008-5034 300 $aTitle from PDF title screen (viewed on May 6, 2008). 320 $aIncludes bibliographical references. 606 $aRoad drainage$xEnvironmental aspects$zHawaii$zHalawa Stream (Oahu) 606 $aWater$xPollution$zHawaii$zHalawa Stream (Oahu) 615 0$aRoad drainage$xEnvironmental aspects 615 0$aWater$xPollution 700 $aWolff$b Reuben H$01384237 701 $aWong$b Michael F$01385936 712 02$aHawaii.$bDepartment of Transportation. 712 02$aGeological Survey (U.S.) 801 0$bGIS 801 1$bGIS 801 2$bGPO 906 $aBOOK 912 $a9910698302803321 996 $aEffects of the H-3 highway stormwater runoff on the water quality of Halawa Stream, Oahu, Hawaii, November 1998 to August 2004$93482924 997 $aUNINA